00610nam a22002177a 450000500170000000800410001704000070005824500240006525000310008949000240012052001070014465000090025165000150026065000110027565000140028665000220030065000150032294200120033799900150034995200280036420250519131022.0250519b |||||||| |||| 00| 0 eng d cDO aSydney olympic city aAugust 2000 Vol. 198 No. 2 aNational Geographic aSydney, People of Heaven, Monsters of Madagascar, Fungi, Phips's Fleet, The Temples of Angkor, Big Sur xZULU xMADAGASCAR xNATURE xDISCOVERY xTEMPLES OF ANGKOR xCALIFORNIA 2ddccCR c5530d5530 aDObDOpDSMSR082000-054